000 00872cam a2200325 4500
001 779422
003 OSt
005 20140310182654.0
008 730809s1974 nyua b 001 0 eng
010 _a 73013835
020 _a0071187731
040 _aDLC
_cDLC
_dDLC
050 0 0 _aGN 25
_b.K87 2000
082 0 0 _aM 301
_bK84 2000
100 1 _aKottak, Conrad Phillip.
245 1 0 _aAnthropology :
_bthe exploration of human diversity.
250 _a8th edition
260 _aNew York,
_bRandom House
_cc2000
300 _a517 p.
_billus.
_c26 cm.
504 _aIncludes bibliographies.
521 _aHigh School to College Students
526 _c0L-1700L
541 _j1
541 _j2
562 _e2
650 0 _aAnthropology.
650 2 _aAnthropology.
906 _a7
_bcbc
_corignew
_d1
_eocip
_f19
_gy-gencatlg
942 _2lcc
_cBK
_kM
999 _c15099
_d15099